000 00495nam a22001697a 4500
999 _c107679
_d107679
005 20180924103912.0
008 180924b ||||| |||| 00| 0 eng d
020 _a9789695173251
040 _cPK-LaUMT
082 _a891.4393
_bSHA-M
100 _aShama Hafeez = شمع حفیظ
245 _aMohabbat aag ki saurat = محبت آگ کی صورت/
_cShama Hafeez = شمع حفیظ
260 _aLahore :
_bAli Mian Publications,
_c2014
300 _a223 p.
546 _aUrdu
942 _cBK